| 000 | 00340nam a22001337a 4500 | ||
|---|---|---|---|
| 999 |
_c534373 _d534373 |
||
| 020 | _a9789693703351 | ||
| 040 | _cMSOHAIL | ||
| 082 | _a808.803561 | ||
| 100 |
_aDr.Sufia Ebaad _928509 |
||
| 245 | _aRaagh Rut Khuwahishay Marg Aur Tanha Phool | ||
| 260 |
_aIslamabad _bNational Book Foundation _cc2009 |
||
| 300 | _a383;p | ||
| 942 |
_2ddc _cBK |
||